Statistics for Countries From Jetpunk Satellite

Click here to take the quiz!

General Stats

  • This quiz has been taken 24 times
  • The average score is 14 of 15

Answer Stats

Answer% Correct
Italy
100%
Brazil
100%
Sri Lanka
100%
New Zealand
100%
Portugal
96%
Greece
96%
Turkey
96%
Somalia
96%
Venezuela
92%
Croatia
92%
Haiti
92%
Ireland
88%
Jamaica
88%
Norway
83%
India
71%

Score Distribution

Percentile by Number Answered

Percent of People with Each Score

Your Score History

You have not taken this quiz